| 000 | 00470nam a2200181Ia 4500 | ||
|---|---|---|---|
| 008 | 240925s9999 xx 000 0 und d | ||
| 020 | _a9788131730645 | ||
| 082 | _a658.4038 LAU | ||
| 100 | _aLaudon, Ken ; Laudon, Jane | ||
| 245 | 0 | _aManagement Information Systems | |
| 250 | _a11th | ||
| 260 |
_aNew York: _bJohn Wiley & Sons _c,2010. |
||
| 300 |
_a454p. _b0 _fOriginal |
||
| 500 | _aIncludes Index | ||
| 600 | _aManagement | ||
| 650 | _aManagement | ||
| 942 | _cBK | ||
| 999 |
_c15357 _d15357 |
||